Places mentioned in ABBA songs - Statistics

General Stats
  • This quiz has been taken 84 times
  • The average score is 12 of 22
Answer Stats
Type of place Lyrics % Correct
Battle/city My my, at {Waterloo} Napoleon did surrender
99%
Waterloo
99%
Our Last Summer
75%
City The summer air was soft and warm The feeling right, the {Paris} night
75%
Money, Money, Money
73%
Money, Money, Money
73%
Our Last Summer
73%
City So I must leave, I'll have to go To {Las Vegas} or ______
73%
City/Country So I must leave, I'll have to go To _________ or {Monaco}
73%
Super Trouper
73%
River Walks along the {Seine}Laughing in the rain
73%
City I was sick and tired of everything When I called you last night from {Glasgow}
72%
Landmark We made our way along the river
And we sat down in the grass
By the {Eiffel Tower}
64%
Landmark In the tourist jam Round the {Notre-Dame}
57%
Our Last Summer
57%
River Do you still recall the frightful night we crossed the {Rio Grande}?
46%
Avenue And strolling down the {Élysées}
16%
Our Last Summer
16%
City I'd give anything to be back home in {Santa Rosa}
13%
Santa Rosa
13%
Our Last Summer
10%
Fernando
7%
No matching quizzes found
Score Distribution
Percent of People with Each Score
Percentile by Number Answered
Your Score History
You have not taken this quiz